000 00514 a2200157 4500
999 _c6749
_d6749
020 _a9781446270493
050 0 0 _aHM791 ORG 2008
245 0 4 _aThe SAGE handbook of organizational institutionalism /
_cedited by Royston Greenwood ... [et al.].
264 _aLos Angeles:
_bSAGE,
_c2008
300 _axviii, 822 p. :
_bill. ;
504 _aIncludes bibliographical references and index.
650 0 _aOrganization.
650 0 _aSocial institutions.
700 1 _aGreenwood, Royston.
942 _2lcc
_cBK
_h791
_iORG
_kHM